| 000 | 00542nam a2200169 i 4500 | ||
|---|---|---|---|
| 001 | 87198 | ||
| 003 | ES-MaACL | ||
| 007 | t| | ||
| 008 | 041220s1971 xxu ||||1| eng d | ||
| 100 | 1 |
_aKnef, Hildegard. _968332 |
|
| 245 | 1 | 4 |
_aThe gift horse _b: report on a life / _cHildegard Knef ; translated from the german by David Anthony Palastanga. |
| 250 | _a[6th ed.]. | ||
| 260 |
_aNew York, etc. : _bMcGraw-Hill, _c[1971] |
||
| 300 |
_a384 p. ; _c24 cm. |
||
| 700 | 1 |
_aPalastanga, David Anthony. _988482 |
|
| 852 |
_aES-MaACL _jE-6035 _bR.90606 |
||
| 999 |
_c87198 _d87198 |
||